Archives in India : (Record no. 123398)

MARC details
000 -LEADER
fixed length control field 00719nam a22002297a 4500
005 - DATE AND TIME OF LATEST TRANSACTION
control field 20170124105924.0
010 ## - LIBRARY OF CONGRESS CONTROL NUMBER
LC control number 228791
020 ## - INTERNATIONAL STANDARD BOOK NUMBER
Terms of availability 20.00
035 ## - SYSTEM CONTROL NUMBER
System control number 228791
037 ## - SOURCE OF ACQUISITION
Source of stock number/acquisition Cen Lib/Ret
040 ## - CATALOGING SOURCE
Original cataloging agency DPL
Language of cataloging EN
082 ## - DEWEY DECIMAL CLASSIFICATION NUMBER
Classification number 025.1710954
Item number GHO
100 ## - MAIN ENTRY--PERSONAL NAME
Personal name Ghose, Sailen
9 (RLIN) 75008
245 ## - TITLE STATEMENT
Title Archives in India :
Statement of responsibility, etc by Sailen Ghose
Remainder of title history and assets /
260 ## - PUBLICATION, DISTRIBUTION, ETC. (IMPRINT)
Place of publication, distribution, etc Calcutta
Name of publisher, distributor, etc Firma K. L. Mukhopadhyay
Date of publication, distribution, etc 1963
270 ## - ADDRESS
Address 6/1A, Banchharam Akrur Lane
City Calcutta
300 ## - PHYSICAL DESCRIPTION
Extent xii,358p. :
Dimensions 20cm(Hb)
500 ## - GENERAL NOTE
General note Includes bibliographical references and index
650 ## - SUBJECT ADDED ENTRY--TOPICAL TERM
Topical term or geographic name as entry element Archival history
Geographic subdivision India
9 (RLIN) 75009
650 ## - SUBJECT ADDED ENTRY--TOPICAL TERM
Topical term or geographic name as entry element Archival assets
Geographic subdivision India
9 (RLIN) 75010
942 ## - ADDED ENTRY ELEMENTS (KOHA)
Source of classification or shelving scheme Dewey Decimal Classification
Koha item type English Books
Classification part 025.1710954
Call number suffix GHO
Holdings
Withdrawn status Lost status Damaged status Not for loan Collection code Home library Current library Date acquired Source of acquisition Cost, normal purchase price Total Checkouts Full call number Barcode Date last seen Copy number Cost, replacement price Price effective from Koha item type
      Not For Loan Reference Central Library Central Library 05/06/2015 Cen Lib/Ret 20.00   025.1710954 GHO 228791 05/06/2015 1 20.00 05/06/2015 English Books

© Delhi Public Library
Hit Counter
free hit counter